00685nam a2200217 a 450000100060000000300080000600500170001400800410003102000380007203500190011004000270012904100080015608200240016424501020018826000360029030000210032650400510034765000270039870000210042570000210044668100BD-RjUL20211209081730.0170330s1975 enk b 001 0 eng  a0041500512 :c£4.25.a0041500520 a(BD-RjUL)68309 aDLCcDLCdBD-RjULbeng aeng00a155.5223bADO 197500aAdolescence :bthe crises of adjustment /cedited by Simon Meyerson ; foreword by Robert Gosling. aLondon :bAllen & Unwin,c1975. a189 p. ;c22 cm. aIncludes bibliographical references and index. 0aAdolescent psychology.1 aMeyerson, Simon.1 aGosling, Robert